Tilastot visalle Sanat: "Tuntematon" - Haloo Helsinki

Klikkaa tästä pelataksesi tätä visaa!

Yleistilastot

  • Tätä visaa on pelattu 38 kertaa
  • Keskiarvotulos 148 / 203

Vastaustilastot

% Oikein
95%
älä
91%
anna
91%
hei,
91%
Maailma
91%
On
91%
on
91%
91%
sammua,
91%
sammua.
91%
sun
91%
Sun
91%
valojen
91%
jos
86%
joskus
86%
kaiken
86%
tää
86%
täytyy
86%
Lapsi,
82%
mut
82%
tummua,
82%
tunne
82%
tuntematon.
82%
Vaikka
82%
vaikka
82%
elämä
77%
heittäytyvät
77%
ihme,
77%
ja
77%
joku
77%
Joku
77%
jota
77%
kaatuen,
77%
kaatuen.
77%
kotona
77%
kuljettu
77%
kutsutaan.
77%
maahan
77%
makaamaan.
77%
Nainen,
77%
päättyikin
77%
pienoinen
77%
pitkään
77%
suureen
77%
sylissään
77%
täällä
77%
taisteluun,
77%
tunnettu,
77%
tuntemattomaksi
77%
vain
77%
aikojaan.
73%
edessämme
73%
elämistä,
73%
ennen
73%
hautaan
73%
jonka
73%
Kehdosta
73%
lähtee,
73%
lentäen
73%
liikaa
73%
maatuen,
73%
painoa,
73%
rakastavat
73%
rämpimistä.
73%
Reppu
73%
sekuntimme
73%
seuraava
73%
toiset
73%
Toiset
73%
et
68%
korvaamaton.
68%
me
68%
Me
68%
niin
68%
täynnä
68%
kouluun.
64%
loppuun
64%
mustelmat
64%
eri
59%
ihan
59%
jaloista,
59%
kädessä
59%
päistä
59%
pelon
59%
sodan
59%
taustoista,
59%
tullaan
59%
tunneleiden
59%
est,
55%
est.
55%
homini
55%
Homo
55%
homo
55%
kahlattiin
55%
lupus
55%
päältä
55%
tiedän,
55%
alas
50%
että
50%
katse
50%
kaukana
50%
kavuta,
50%
ketään.
50%
kun
50%
mahdotonta
50%
paikkaan
50%
samaan
50%
täältä
50%
kaikki
45%
päädytään.
45%
toivo,
45%
mutta
41%
ottaa
41%
pelko,
41%
takana
41%
toivon,
41%
vastaan
41%
vihan
41%
ajattelet.
36%
tipahtaa.
36%
toisin
36%
onn
9%

Tulosjakauma

Persentiili vastausten määrän mukaan

Jokaisen tuloksen saaneiden osuus

Tuloshistoriasi

Et ole pelannut tätä visaa